'I'-Less Countries Quiz Stats

Quiz Updated Jun 8, 2018

Also try: 'A'-Less Countries
Challenge
Share
Tweet
Embed
Score 0/77 Timer 10:00
17 Plays Today
Country % Correct
Canada
94.9%
France
94.3%
Japan
92.8%
Germany
92.4%
Sweden
90.7%
Egypt
88.8%
Norway
88.5%
Portugal
87%
Denmark
85.8%
Greece
84.8%
Peru
84.2%
New Zealand
83.6%
South Korea
83.2%
North Korea
83.1%
Turkey
81.8%
Poland
81.7%
Paraguay
80.7%
Uruguay
80.7%
Cuba
80.3%
Morocco
79.5%
Netherlands
78.9%
Yemen
77.1%
Panama
77%
Venezuela
76.2%
Laos
75.9%
Oman
75.7%
Kenya
75.7%
Sudan
75.3%
Chad
75%
Hungary
74.2%
Andorra
72.3%
Jordan
72.2%
Ghana
72%
Madagascar
71.5%
Nepal
70.8%
Honduras
70.4%
Luxembourg
69.7%
Monaco
69.5%
Ecuador
68.2%
Country % Correct
Rwanda
67%
Guatemala
66.8%
Guyana
66.8%
Togo
66.5%
Bahamas
66.4%
Cyprus
65.9%
Uganda
65.6%
Qatar
65.5%
Angola
65.4%
Lebanon
64.8%
Lesotho
64.1%
Belarus
64.1%
Malta
63.8%
Kazakhstan
63.8%
Myanmar
62.6%
Bhutan
61.6%
El Salvador
61.5%
Bangladesh
60.8%
Kosovo
60.6%
Cameroon
60.3%
Botswana
58.8%
Moldova
58.6%
Senegal
57.3%
Barbados
56.9%
Montenegro
56.6%
Seychelles
56.4%
Gabon
55.5%
Kyrgyzstan
55.3%
Vanuatu
54.1%
Tonga
54%
Samoa
52.8%
Comoros
52.8%
Grenada
52.6%
Palau
52.2%
Tuvalu
52%
Nauru
51%
Cabo Verde
48%
South Sudan
41.3%

You're not logged in!

Compare scores with friends on all Sporcle quizzes.
Join for Free
OR
Log In

You Might Also Like...

Show Comments

Extras

Top Quizzes Today


Score Distribution

Your Account Isn't Verified!

In order to create a playlist on Sporcle, you need to verify the email address you used during registration. Go to your Sporcle Settings to finish the process.

Report this User

Report this user for behavior that violates our Community Guidelines.

Details: